| 000 | nam a22 7a 4500 | ||
|---|---|---|---|
| 999 |
_c126967 _d126967 |
||
| 008 | 170919b xxu||||| |||| 00| 0 eng d | ||
| 050 | _aPR9360.I98 | ||
| 100 |
_aQabula, Alfred Temba [et al] _935790 |
||
| 245 |
_aIZINSINGIZI - Loud hailer lives: _bSouth African poetry from Natal from storm hailing birds to loud hailer lives _c/ Alfred Temba Qabula [et al]; edited by Gill Evill |
||
| 260 |
_aAthlore, South Africa _bCOSAW |
||
| 300 |
_a42p. ; _c22cm. |
||
| 650 |
_aPoetry, South Africa _xCollection _935197 |
||
| 700 |
_aEvill, GILL _eed. _935791 |
||
| 942 |
_2lcc _cMONOGRAPH |
||